000 00491nam a2200193Ia 4500
005 20250326145454.0
008 250326s9999 xx 000 0 und d
037 _aTextbook
040 _aFMSL
_beng
_cFMSL
041 _aeng
_2eng
084 _qFMSL
100 _aJex S M
_9751226
245 0 _aOrganizational psychology
_cJex S M; Britt T W
260 _aNY
_bNY, Wiley
_c2014
365 _b8701.4500000000007
650 _aManagement
942 _cTB
999 _c1307693
_d1307693